=LDR 00000nam 2200000 4500 =001 NUTBA000000000000225 =990 ##$$a 21303193 =005 20211209101841 =990 ##$$a 21303191 =035 ##$$a 0010-031400000000224 =990 ##$$a 21303189 =008 211209################g##########0#ind## =990 ##$$a 21303190 =020 ##$$a 978-979-769-407-4 =082 ##$$a 370.72 =090 ##$$a 370.72 iSH P =100 ##$$a Ishak Abdulhak =245 1#$$a Penelitian tindakan dalam ppendidikan nonformal /$c Prof. Dr. H. Ishak Abdulhak, M. Pd., Dr. Ugi Suprayogi =250 ##$$a Ed. I =260 ##$$a Jakarta :$b Rajawali,$c 2013 =300 ##$$a xvi, 246 hlm ; $c 23 x 15 cm. =700 #$$a Ugi Suprayogi =084 ##$$a 370.72 ISH p =650 #4$$a Pendidikan - Penelitian =990 ##$$a 90511/BPAP-NTB/2014 =990 ##$$a 0001/BPAP-NTB/20142014 =990 ##$$a 1202001350 =990 ##$$a 17621762 =990 ##$$a 21303190 =990 ##$$a 90511/BPAP-NTB/2014 =990 ##$$a 0001/BPAP-NTB/20142014 =990 ##$$a 1202001350 =990 ##$$a 21303193 =990 ##$$a 90511/BPAP-NTB/2014 =990 ##$$a 0001/BPAP-NTB/20142014 =990 ##$$a 21303190 =990 ##$$a 21303189 =990 ##$$a 90511/BPAP-NTB/2014 =990 ##$$a 21303193 =990 ##$$a 21303190 =990 ##$$a 21303191 =990 ##$$a 21303189 =990 ##$$a 21303193 =990 ##$$a 21303190